| LEADER | 00503cam a2200133 7i4500 | ||
|---|---|---|---|
| 001 | 0000027820 | ||
| 005 | 20120627090000.0 | ||
| 090 | 0 | 0 | |a T 382.7 |b COM (ASTL) |
| 245 | 0 | 0 | |a Combined Australian customs tariff nomenclature and statistical classification 2012 : |b volume 2 : chapter 40 to chapter 72. |
| 260 | 0 | 0 | |a [S.l]: |b The Australian Customs and Border Protection Service, |c 2012. |
| 300 | # | # | |a [v.p]. |
| 650 | 0 | 0 | |a Tariff -- |z Australia |
| 651 | 0 | 0 | |a Australia |
| 999 | |a 0000030337 |b Book |c Tariffs |e Business Information Centre | ||